000 01061cam a2200133 4500500
005 20260405022025.0
041 _afre
042 _adc
100 1 0 _aValette, Bernard
_eauthor
245 0 0 _aLe roman : Initiation aux méthodes et aux techniques d’analyse littéraire
260 _bArmand Colin,
_c2011.
520 _aCet ouvrage présente les méthodes et techniques d'analyse du genre romanesque. Tout en rappelant les acquis de l'histoire littéraire, des approches thématiques et du structuralisme, il facilité l'initiation aux principales théories qui permettent actuellement d'étudier le vaste domaine de la fiction. Les modèles issus de la linguistique, de la pragmatique et de la sémiotique sont tout à tour abordés. Pour leur part, la poétique et la narratologie ouvrent à la recherche de multiples perspectives. Bernard Valette est agrégé de lettres modernes, docteur en littérature française et chargé de cours à Paris-VII.
856 4 1 _uhttps://shs.cairn.info/le-roman--9782200259327?lang=fr&redirect-ssocas=7080
999 _c2128989
_d2128989